000 00914nas a2200301 4500
001 BR2013002805
003 BR-BrBNA
005 20231205122209.0
007 ta
008 230509b bl.|||p| |||| 00| 00por d
040 _aBR-BrBNA
_bpor
_cBiblioteca Nacional de Agricultura
041 _a(Pt)
072 _aF61
100 1 _aBaliza, D.P.
100 1 _aCunha, R.L. da
100 1 _aCastro, E.M. de
100 1 _aBarbosa, J.P.R.A.D.
100 1 _aPires, M.F.
100 1 _aGomes, R.A.
245 1 _aTrocas gasosas e características estruturais adaptativas de cafeeiros cultivados em diferentes níveis de radiação
650 _aCAFE
650 _aANATOMIA FOLIAR
650 _aFOTOSSÍNTESE
650 _aRADIAÇÃO
773 0 _tCoffee Science (Brazil)
_xISSN 1809-6875
_g(Sep-Dec 2012), v. 7(3) p. 250-258
_wBR2013002805
909 _a202311
_bLúcia
_c55
_dLúcia Elande
942 _2AGRIS
_n0
_cANA
999 _c227408
_d227408